000 00562nam a2200193Ia 4500
008 151119s9999||||xx |||||||||||||| ||und||
082 _a28.5
082 _bGKKV9306
100 _aदेशपांडे कृ प
245 _aप्रयतने वाळूचे
260 _a--
260 _b--
260 _c0
600 _aदेशपांडे कृ प
630 _aप्रयतने वाळूचे
700 _aदेशपांडे कृ प
730 _aप्रयतने वाळूचे
942 _cBOOK
999 _c1063627
_d1063624